000 00660nam a2200265Ia 4500
005 20260121170103.0
008 008 260114s9999 xx 000 0 eng d
020 _a9781484218709
037 _aEBOOK
040 _aCRL
040 _beng
040 _cCRL
041 _2eng
041 _aeng
084 _qCRL
100 _aJoachim Rossberg
_91059649
245 0 _aAgile Project Management using Team Foundation Server 2015
260 _bSpringer
260 _bSpringer
260 _c2016
856 _uhttps://link.springer.com/openurl?genre=book&isbn=978-1-4842-1870-9
942 _cEBOOK
999 _c1625378
_d1625378